Swimmers with the Most Olympic Medals - Statistics

General Stats
  • This quiz has been taken 192 times
  • The average score is 5 of 30
Answer Stats
Country Gold Silver Bronze Male Swimmer % Correct
United States 23 3 2 Michael Phelps
99%
United States 7 3 0 Katie Ledecky
65%
United States 7 0 0 Caeleb Dressel
52%
United States 6 3 3 Ryan Lochte
51%
United States 9 1 1 Mark Spitz
46%
Australia 5 3 1 Ian Thorpe
39%
United States 5 1 2 Nathan Adrian
17%
Australia 5 2 4 Emma McKeon
16%
Russia 4 5 0 Alexander Popov
15%
United States 5 0 1 Missy Franklin
13%
United States 4 2 2 Jason Lezak
11%
United States 8 2 1 Matt Biondi
11%
United States 5 3 2 Gary Hall
8%
United States 8 3 1 Jenny Thompson
8%
United States 5 2 0 Aaron Piersol
6%
Australia 4 1 3 Cate Campbell
5%
United States 4 4 4 Dara Torres
5%
Germany 6 0 0 Kristin Otto
5%
United States 5 1 1 Tom Jager
5%
United States 4 3 3 Allison Schmitt
4%
United States 5 0 0 Johnny Weissmuller
4%
United States 6 0 0 Amy Van Dyken
3%
United States 5 1 1 Dana Vollmer
3%
United States 5 1 0 Don Schollander
3%
Germany 4 2 2 Roland Matthes
3%
Australia 4 4 0 Dawn Fraser
2%
Netherlands 4 2 2 Inge de Bruijn
2%
Germany 4 4 0 Kornelia Ender
2%
Australia 4 1 2 Libby Trickett
1%
Hungary 5 1 1 Krisztina Egerszeki
0%
No matching quizzes found
Score Distribution
Percent of People with Each Score
Percentile by Number Answered
Your Score History
You have not taken this quiz